000 01448nab a22002537a 4500
999 _c6251
_d6251
003 OSt
005 20260127222400.0
008 190514b xxu||||| |||| 00| 0 spa d
040 _cPJ
100 _96962
_aCinollo, Oscar Agustín
245 1 0 _a Tensiones actuales entre el derecho de daños, la tutela del consumidor y la autonomía progresiva de NNA /
_cOscar Agustín Cinollo.
300 _ap. 156-164
500 _aCita: TR LALEY AR/DOC/2143/2025.
505 _aSumario: I. El caso y la sentencia traída a comentario.— II. Las prácticas deportivas riesgosas llevadas a cabo por niñas, niños o adolescentes.— III. La responsabilidad civil en las prácticas deportivas.— IV. La obligación de seguridad en el marco de la aplicación del derecho del consumo.— V. El deber de cuidado de los padres y la incidencia de la autonomía progresiva de los hijos.
505 _tFallo comentado: CCiv., Com., y Minería, Bariloche ~ 09/04/2025 ~ A., D. J. c. Ski Club Bariloche s/ daños y perjuicios (ordinario).
650 0 _9967
_aDERECHO DE FAMILIA
650 0 _94950
_aPRINCIPIO DE PROGRESIVIDAD
650 0 _aDAÑOS Y PERJUICIOS
_92823
650 0 _aADOLESCENTES
_95662
650 0 _aCONSUMIDOR
650 0 _91057
_aJURISPRUDENCIA APLICABLE
773 0 _02844
_93222
_dBuenos Aires : AbeledoPerrot, 1989-
_tDerecho de familia. Revista Interdisciplinaria de doctrina y jurisprudencia. Octubre 2025-V.
_z18511201
942 _2udc
_cANA